Stati per produzione di avocado - Statistics

Statistiche generali
  • Questo quiz è stato fatto 10 volte
  • Il punteggio medio è 13 su 15
Statistiche sulle risposte
Continente Produzione (tonnellate) Stato % Corretto
America del Sud 195 492 Brasile
100%
America del Sud 137 365 Cile
100%
Asia 122 942 Cina
100%
America del Sud 309 431 Colombia
100%
America del Nord 1 889 354 Messico
100%
America del Sud 455 394 Perù
100%
America del Nord 601 349 Repubblica Dominicana
100%
America del Sud 90 196 Venezuela
100%
America del Nord 122 184 Guatemala
89%
Asia 304 938 Indonesia
89%
Europa 88 011 Spagna
89%
America del Nord 172 630 Stati Uniti
89%
America del Nord 93 201 Haiti
78%
Africa 176 045 Kenya
44%
Asia 101 500 Israele
33%
Nessun quiz corrispondente trovato
Distribuzione punteggi
Percentuale di utenti per punteggio
Percentile per numero di risposta
I tuoi punteggi nel tempo
Non hai fatto questo quiz